Normal view
MARC view
Entry Personal Name
001 - CONTROL NUMBER
- control field: 10521
003 - CONTROL NUMBER IDENTIFIER
- control field: ARRUPE
005 - DATE AND TIME OF LATEST TRANSACTION
- control field: 20140602114020.0
008 - FIXED-LENGTH DATA ELEMENTS
- fixed length control field: 140602|| aca||aabn | a|a d
040 ## - CATALOGING SOURCE
- Original cataloging agency: ARRUPE
- Transcribing agency: ARRUPE
100 ## - HEADING--PERSONAL NAME
- Personal name: O'Callaghan, P.
- Fuller form of name: (Padraic)
670 ## - SOURCE DATA FOUND
- Source citation: Work cat.: (ARRUPE)0: O'Callaghan, P. (Padraic), Tiki, our genet cat /, 1981.